000 00561nam a22001697a 4500
999 _c20286
_d20286
008 240514b ||||| |||| 00| 0 eng d
020 _a9710857622
082 _aDFil 331
_bM67 1994
100 _aMiranda, Gregorio S.
_957109
245 _aLabor-management relations /
_cGregorio S. Miranda.
250 _aRevised edition.
260 _aMandaluyong City :
_bNational Book Store,
_c©1994.
300 _axv, 300 pages :
_billustrations ;
_c22 cm.
650 _aIndustrial relations.
_957216
650 _aLabor management relations.
_957217
942 _2ddc
_cDFIL